000 00678nam a2200193Ia 4500
003 GCL
008 140319s9999 xx 000 0 eng d
040 _aGCL /
_cGCL
082 0 4 _a005.3
_bM M
100 1 _aMLADEN, CARYN
245 1 0 _aMARING MONEY IN THE MULTIMEDIA HHH /
_cMLADEN, CARYN
700 1 _aROSEN, DAVID
260 _a[S.N] :
_bADDISON - WESLEY PUBLISHING COMPANY ،
_c1994
300 _a213
650 0 4 _aCD - ROM INDUSTRY
650 0 4 _aNEW BUSINESS ENTERYRISES
650 0 4 _aCD - ROM
942 _2ddc
_cBK
999 _c10983
_d10983